Online
Catalog

Manual para administración de enfermeria / (Record no. 35701)

MARC details
000 -CABECERA
campo de control de longitud fija 00751nam a2200217 a 4500
001 - NÚMERO DE CONTROL
campo de control 000036210
005 - FECHA Y HORA DE LA ÚLTIMA TRANSACCIÓN
campo de control 20200930074947.0
008 - DATOS DE LONGITUD FIJA--INFORMACIÓN GENERAL
campo de control de longitud fija 120111s1986 sp d 001 0 spa d
040 ## - FUENTE DE LA CATALOGACIÓN
Centro catalogador/agencia de origen DO-SdBNP
Lengua de catalogación spa
Centro/agencia transcriptor BNPHU
082 ## - NÚMERO DE LA CLASIFICACIÓN DECIMAL DEWEY
Número de clasificación xxxx
Número de documento/Ítem M359m, 1986
100 1# - ENTRADA PRINCIPAL--NOMBRE DE PERSONA
Nombre de persona Marriner, Ann
9 (RLIN) 62274
240 10 - TÍTULO UNIFORME
Título uniforme Guide to Nursing Management
Lenguaje de la obra Inglés
245 10 - MENCIÓN DE TÍTULO
Título Manual para administración de enfermeria /
Mención de responsabilidad, etc. Ann Marriner; traducción Samuel Ramírez Marroquín.
250 ## - MENCIÓN DE EDICIÓN
Mención de edición 2a ed.
260 ## - PUBLICACIÓN, DISTRIBUCIÓN, ETC.
Lugar de publicación, distribución, etc. Madrid :
Nombre del editor, distribuidor, etc. Interamericana McGraw-Hill,
Fecha de publicación, distribución, etc. 1986.
300 ## - DESCRIPCIÓN FÍSICA
Extensión 344 p. :
Otras características físicas gráf. ;
Dimensiones 23 cm.
500 ## - NOTA GENERAL
Nota general Incluye índice alfabético
500 ## - NOTA GENERAL
Nota general 1a reimpresión de la 2a ed.
504 ## - NOTA DE BIBLIOGRAFÍA, ETC.
Nota de bibliografía, etc. Bibliografía : p. 314-327
700 12 - PUNTO DE ACCESO ADICIONAL--NOMBRE DE PERSONA
Nombre de persona Ramírez Marroquín, Samuel,
Término indicativo de función/relación tr.
9 (RLIN) 62275
Holdings
Estado de retiro Estado de pérdida Restricciones de uso No para préstamo Código de colección Localización permanente Ubicación/localización actual Ubicación en estantería Fecha de adquisición Número de inventario Total de préstamos Signatura topográfica completa Código de barras Fecha visto por última vez Precio válido a partir de Tipo de ítem Koha
      Excluido de préstamo Monografías: Libros y Folletos General General En catalogación 11.01.2012 LF1   xxxx M359m, 1986 36210-10 25.06.2020 25.06.2020 No se presta

Powered by Koha